000 00841cam a2200241 a 4500
001 000004249
005 20200929151422.0
008 860128r1976 xxua 000 0 eng
020 _a0918438047
040 _aDO-SdBNP
_bspa
_cBNPHU
082 _a796.312
_bC452h
245 0 0 _aChampionship handball :
_bby the experts /
_cedición, John W. Reznik.
260 _aWest Point, New York :
_bLeisure Press,
_c1976.
300 _a192 p. :
_bil. ;
_c23 cm.
490 0 _aWest Point sports
490 0 _afitness series
_v2
500 _a"Artículos seleccionados de Balonmano, la voz oficial de los Estados Unidos de Balonmano Asociación. "
650 4 _aBalonmano
_912556
650 4 _aJuegos de pelota
_912557
700 1 _aReznik, John W.
_eed.
_912558
730 0 _aHandball.
_912559
830 0 _aWest Point sports,
_pfitness series ;
_n2
_912560
999 _c4063
_d4063